New Zealand Rugby All Blacks - Most tests by age 25 - Statistics

General Stats
  • This quiz has been taken 190 times
    66 since last reset
  • The average score is 11 of 18
Answer Stats
Tests Player % Correct
48 Richard McCaw
88%
49 Beauden Barrett
80%
46 Jonah Lomu
78%
44 Daniel Carter
76%
42 Ardie Savea
68%
52 Christian Cullen
68%
43 Julian Savea
68%
59 Sam Whitelock
68%
51 Jeff Wilson
62%
60 Brodie Retallick
60%
43 Douglas Howlett
58%
52 Joe Rokocoko
58%
54 Owen Franks
54%
53 Sam Cane
54%
40 Mils Muliaina
50%
40 Ali Williams
48%
43 Anton Lienert-Brown
30%
42 TJ Perenara
24%
No matching quizzes found
Score Distribution
Percent of People with Each Score
Percentile by Number Answered
Your Score History
You have not taken this quiz since the last reset